000 00443nam a22001457a 4500
003 macl
005 20200213132216.0
008 180316b xxu||||| |||| 00| 0 eng d
040 _cmacl
100 _aगर्ग, सी एल
_950791
245 _aस्‍वच्‍छ वि़द्युत उर्जा
260 _aदिल्‍ली
_bमदन लाल
_c2016
650 _aभौतिकी
_971367
942 _2ddc
_cBK
999 _c57397
_d57397